00675nam a22001817a 450000500170000001000150001702000240003202000270005603500140008303700130009708200140011010000200012424501410014426000610028527000640034630000330041050000500044320150817110603.0 aENG-113563 c1395.00a0199454671 c1395.00a9780199454679 aEN- 97095 bDBAD/PUB a726.10954 aMichell, George aLate temple architecture of India 15th to 19th centuries : cby George Michellbcontinuities, revivals, appropriations and innovations / aNew Delhi bOxford University Pressc2015 aYMCA Library Buiding, 1 Jai Singh Road, bNew Delhie110001 a351p. :c25cm(Hb)bill.,maps aIncludes bibliographical references and index